Handball Champions League 14/15 - Statistics

General Stats
  • This quiz has been taken 154 times
  • The average score is 8 of 24
Answer Stats
Answer % Correct
Kiel
92%
Barcelona
90%
Kielce
75%
Flensburg
72%
Veszprem
63%
Vardar
62%
Montpellier
52%
Paris Saint-Germain
40%
Rhein Neckar Lowen
37%
Szeged
36%
Aalborg
35%
Metalurg
33%
Celje
32%
Wisla Plock
27%
Kolding
21%
Besiktas
11%
Meshkov Brest
10%
Alingsas
6%
Dunkurque
4%
Prvo
4%
Chekhovskie Medvedi
3%
Motor Zaporozhye
3%
Naturhouse la rioja
2%
Kadetten Schauffhausen
0%
No matching quizzes found
Score Distribution
Percent of People with Each Score
Percentile by Number Answered
Your Score History
You have not taken this quiz